|
|
|
|
| LEADER |
00000nas a2200000 a 4500 |
| 001 |
ssj0000473 |
| 003 |
WaSeSS |
| 005 |
20200512172242.0 |
| 006 |
m d |
| 007 |
cr n |
| 008 |
780629c19509999nyuqr p s 0 a0eng c |
| 010 |
|
|
|a 81640658
|z sc 78000900
|z sn 78004685
|
| 022 |
|
|
|l 0161-7370
|y 0161-7370
|
| 030 |
|
|
|a PSCIEP
|
| 032 |
|
|
|a 577250
|b USPS
|
| 035 |
|
|
|a (WaSeSS)ssj0000473
|
| 037 |
|
|
|b Popular Science, Box 2871, Boulder, CO 80322
|
| 040 |
|
|
|a NSD
|b eng
|c NSD
|d DLC
|d NSD
|d DLC
|d NSD
|d DLC
|d OCL
|d NST
|d NSD
|d AIP
|d NST
|d AIP
|d NSD
|d AIP
|d NSD
|d OCL
|d NST
|d NSD
|d NLC
|d NST
|d CAS
|d NST
|d NSD
|d HUL
|d DLC
|d MXC
|d SYS
|d OCLCQ
|d CDS
|d UQ1
|d OCLCQ
|d CRU
|d U9S
|d CUS
|d OCLCQ
|d MOF
|d OCLCQ
|d OCLCF
|d OVY
|d OCLCQ
|d OCLCO
|d OCLCA
|d OCLCQ
|d OCLCO
|d CDS
|d WYZ
|d ZAS
|d JOW
|d PX0
|d JCW
|d JOZ
|d JVX
|d T3H
|d JSY
|d JOV
|d I8M
|d KE7
|d TPA
|d MKN
|d OCLCO
|d UPM
|d P@N
|d CVM
|d YXV
|d CSB
|d OCLCO
|d CSA
|d OCLCQ
|d ILM
|d QT7
|d OCLCO
|d OCLCQ
|d WRS
|d OKS
|d BUF
|d ZAP
|d WEH
|d GILDS
|d OCLCQ
|d OCLCO
|d OCLCQ
|d OCLCO
|d OCLCQ
|d DT5
|d OCLCO
|d CNO
|d OCLCO
|d CCH
|d RCC
|d WLM
|d OCLCO
|d NJB
|d OCLCO
|d QNC
|d OCLCO
|d UOK
|d CREBL
|d CSO
|d MUO
|d CPS
|d CPO
|d KF6
|d OCLCO
|d FMU
|d OCLCO
|d VAN
|d HTM
|d OCLCO
|d KFH
|d OCLCO
|d CUI
|d AP8
|d HV6
|d OCLCQ
|d OCLCO
|d DLC
|d OCLCO
|d YUS
|d OCLCO
|d JX9
|d OCLCO
|d TXUPP
|d ZQP
|d OCLCO
|d CDS
|d WaSeSS
|
| 042 |
|
|
|a pcc
|a nsdp
|
| 050 |
0 |
0 |
|a AP2
|b .P8
|
| 050 |
1 |
4 |
|a T1
|b .P6
|
| 082 |
0 |
4 |
|a 505
|
| 130 |
0 |
|
|a Popular science (New York, N.Y.)
|
| 210 |
0 |
|
|a Pop. sci.
|b (N.Y.N.Y.)
|
| 222 |
|
0 |
|a Popular science
|b (New York, N.Y.)
|
| 245 |
1 |
0 |
|a Popular science
|h [electronic resource].
|
| 246 |
1 |
3 |
|a Popular science monthly
|
| 260 |
|
|
|a [New York, N.Y.] :
|b [Popular Science Pub. Co.],
|c [1950]-
|
| 310 |
|
|
|a Quarterly,
|b <2018->
|
| 321 |
|
|
|a Monthly,
|b <-2015>
|
| 321 |
|
|
|a Bimonthly,
|b <2016-2017>
|
| 362 |
0 |
|
|a [Vol. 157, no. 1] (July 1950)-
|
| 500 |
|
|
|a Title from cover.
|
| 500 |
|
|
|a Publisher varies: Times Mirror Magazines, <Mar. 1986->
|
| 506 |
|
|
|a License restrictions may limit access.
|
| 588 |
|
|
|a Latest issue consulted: Vol. 290, no. 2 (spring 2018).
|
| 650 |
|
0 |
|a Science
|v Periodicals.
|
| 650 |
|
0 |
|a Technology
|v Periodicals.
|
| 650 |
|
6 |
|a Sciences
|v Périodiques.
|
| 650 |
|
6 |
|a Technologie
|v Périodiques.
|
| 650 |
|
7 |
|a Science.
|2 fast
|0 (OCoLC)fst01108176
|
| 650 |
|
7 |
|a Technology.
|2 fast
|0 (OCoLC)fst01145078
|
| 650 |
|
7 |
|a Technologie.
|2 rasuqam
|
| 650 |
|
7 |
|a Sciences (Disciplines scientifiques)
|2 rasuqam
|
| 650 |
|
2 |
|a Science
|v periodicals.
|
| 650 |
|
2 |
|a Technology
|v periodicals.
|
| 655 |
|
0 |
|a Electronic journals.
|
| 780 |
0 |
0 |
|t Popular science monthly (New York, N.Y. : 1900)
|x 2641-4287
|w (DLC) 01008317
|w (OCoLC)4179801
|
| 850 |
|
|
|a AzTeS
|a CU-Riv
|a CU-S
|a CaNSTT
|a CaOPAL
|a CoFS
|a DGW
|a DLC
|a DeU
|a FU
|a ICRL
|a ICU
|a ICarbS
|a In
|a KMK
|a MH-BA
|a MH-CS
|a MiDW
|a N
|a NIC
|a NNC
|a NNC-M
|a NRU
|a NcD
|a NcRS
|a NjP
|a OCU
|a P
|a PPD
|a PPiC
|a PPiD
|a PPiU
|a PU
|a TxDaM
|a TxU
|a ViBlbV
|a ViU
|a ViW
|
| 853 |
3 |
0 |
|8 1
|a v.
|b no.
|i (year)
|j (month)
|
| 853 |
2 |
0 |
|8 2
|a v.
|b no.
|u 12
|v r
|i (year)
|j (month)
|w m
|x 01,07
|
| 853 |
2 |
0 |
|8 3
|a v.
|b no.
|u 6
|v r
|i (year)
|j (month/month)
|w b
|x 01/02
|
| 853 |
2 |
0 |
|8 4
|a v.
|b no.
|u 4
|v r
|i (year)
|j (season)
|w q
|x 21
|
| 856 |
4 |
0 |
|z Full text available from Research Library: 01/01/1992 to 01/31/2000
|u https://search.proquest.com/publication/41345
|
| 856 |
4 |
0 |
|z Full text available from Research Library: 10/02/2002 to present
|u https://search.proquest.com/publication/41345
|
| 863 |
4 |
2 |
|8 1
|a <157>-
|i <1950>-
|x provisional
|
| 863 |
4 |
0 |
|8 2.1
|a <266>-287
|b <1>-6
|i <2005>-2015
|j <01>-12
|
| 863 |
4 |
0 |
|8 3.1
|a 288-290
|b 1-1
|i 2016-2018
|j 01/02-01/02
|
| 863 |
4 |
1 |
|8 4.1
|a 290
|b 2
|i 2018
|j 21
|